000 00987nam a2200241 a 4500
999 _c447090
_d447090
003 BLK
005 20230727124950.0
008 220302b bul|||||r ||||||| ||bul||
040 _aBLK
041 _aBUL
_cBUL
080 _aПолитическо влияние. Агитация. Митинги, демонстрации, манифестации, петиции
_b323.23
_x(497.215)(062)
_z323.23(497.215)(062)
139 _bС 59
245 1 0 _aСправочник на политорганизатора
_h[Малотир. изд.]
260 _aРусе
_bб. и.
_c1981
300 _a48 с.
_c20 см
380 _a3
500 _aИзд. на : ОК на ОФ; Териториален информационно-изчислителен център - Русе
653 7 _9194082
_aполитически организации
852 _bК
_cК 32/С 59
942 _cKNG
_n0
_s1
_01
944 _aCR
_c2022-03-04
_k30556
_lТеодора Пейчева-Дянкова
999 _d447090